| 000 | 00512cam a2200205ua 4500 | ||
|---|---|---|---|
| 001 | 10155 | ||
| 005 | 20260515114556.0 | ||
| 008 | 170506n ii |||gr||||Z||||||eng | ||
| 020 | _a9788178803371 | ||
| 040 | _cMAIN | ||
| 041 | _aeng | ||
| 082 | _a331.702 | ||
| 100 |
_aKaur, Sharanjit, _eAuthor. |
||
| 245 |
_aDevelopment of self concept and career maturity _cBy Sharanjit Kaur |
||
| 250 | _a1st ed. | ||
| 260 |
_aNew Delhi: _bRajat publications, _c2010. |
||
| 300 | _a123p. | ||
| 653 | _aMAIN | ||
| 942 | _cBK | ||
| 999 |
_c9144 _d9144 |
||